[Event "19th Hoogeveen op"]
[Site "Hoogeveen NED"]
[Date "2015.10.21"]
[Round "6.14"]
[White "De Jong, Migchiel"]
[Black "Majhi, Ankit"]
[Result "1-0"]
[WhiteElo "2328"]
[BlackElo "2233"]
[EventDate "2015.10.17"]
[PlyCount "77"]

1.e4 c5 2.Nf3 d6 3.d4 cxd4 4.Nxd4 Nf6 5.Nc3 a6 6.Bc4 e6 7.O-O Be7 8.Bb3 b5
9.Qf3 Qb6 10.Be3 Qb7 11.Qg3 b4 12.Na4 Nbd7 13.f3 O-O 14.c3 Ne5 15.cxb4 
Qxb4 16.Nb6 Nh5 17.Qh3 Nf4 18.Qg3 Nh5 19.Qh3 Nf4 20.Qg3 Qxb6 21.Qxf4 Ng6 
22.Qg3 Bh4 23.Qg4 Bf6 24.Rad1 a5 25.Rf2 a4 26.Bc2 Ne5 27.Qh3 g6 28.Nf5 
Qxb2 29.Bd4 Qb4 30.Nh6+ Kh8 31.Rfd2 Bg5 32.f4 Bxf4 33.Rf2 Bxh6 34.Qxh6 Ba6
35.Rf4 f6 36.a3 Qc4 37.Bxe5 dxe5 38.Rf2 Rad8 39.Rd7 1-0

[Event "19th Hoogeveen op"]
[Site "Hoogeveen NED"]
[Date "2015.10.21"]
[Round "6.15"]
[White "Van Foreest, Lucas"]
[Black "Paulet, Iozefina"]
[Result "1-0"]
[WhiteElo "2296"]
[BlackElo "2184"]
[EventDate "2015.10.17"]
[PlyCount "91"]

1.Nf3 Nf6 2.c4 c5 3.Nc3 g6 4.g3 Bg7 5.Bg2 O-O 6.O-O Nc6 7.d4 cxd4 8.Nxd4 
Qa5 9.Nb3 Qh5 10.e4 Qxd1 11.Rxd1 d6 12.c5 dxc5 13.Nxc5 Ng4 14.h3 Nge5 15.
f4 Nc4 16.e5 Nb4 17.Rd4 Nc2 18.Rxc4 Nxa1 19.Nd5 Rd8 20.Be3 e6 21.Ne7+ Kh8 
22.Ne4 Rd1+ 23.Kf2 Bd7 24.Rc7 Be8 25.Nd6 Rb1 26.Bc1 Bf8 27.Bxb7 Rb8 28.
Nec8 Bxd6 29.Nxd6 Ba4 30.b3 Bxb3 31.axb3 Nxb3 32.Be3 Rb2+ 33.Kf3 Nd2+ 34.
Kg4 a5 35.Rxf7 a4 36.Bxd2 Rxd2 37.Ne4 Rb2 38.Bc6 Kg8 39.Ra7 Rf8 40.Nf6+ 
Rxf6 41.exf6 a3 42.Rxa3 Kf7 43.Ra7+ Kxf6 44.Rxh7 Rc2 45.Bf3 Rc3 46.Ra7 1-0

[Event "19th Hoogeveen op"]
[Site "Hoogeveen NED"]
[Date "2015.10.21"]
[Round "6.16"]
[White "Jeitz, Christian"]
[Black "Valdes Romero, Leonardo"]
[Result "1/2-1/2"]
[WhiteElo "2198"]
[BlackElo "2362"]
[EventDate "2015.10.17"]
[PlyCount "43"]

1.e4 d6 2.d4 Nf6 3.Nc3 g6 4.Be3 Bg7 5.Qd2 c6 6.Bh6 Bxh6 7.Qxh6 Qa5 8.Bd3 
c5 9.dxc5 Qxc5 10.Qd2 Nc6 11.Nge2 Bd7 12.O-O Ne5 13.Rfe1 O-O 14.Nf4 Bc6 
15.Bf1 b5 16.Ncd5 Bxd5 17.Nxd5 Nxd5 18.exd5 f5 19.b4 Qb6 20.a4 bxa4 21.
Rxa4 Rfc8 22.h3 1/2-1/2

[Event "19th Hoogeveen op"]
[Site "Hoogeveen NED"]
[Date "2015.10.21"]
[Round "6.17"]
[White "Dijkhuis, Tycho"]
[Black "Clemens, Adrian HP"]
[Result "1/2-1/2"]
[WhiteElo "2355"]
[BlackElo "2175"]
[EventDate "2015.10.17"]
[PlyCount "106"]

1.e4 c6 2.Nc3 d5 3.Nf3 Bg4 4.h3 Bxf3 5.Qxf3 e6 6.d3 Bb4 7.Bd2 d4 8.Nb1 
Bxd2+ 9.Nxd2 Ne7 10.g4 Ng6 11.O-O-O e5 12.Qf5 Nd7 13.Nf3 Qe7 14.h4 O-O-O 
15.Qg5 Qd6 16.Qd2 Kb8 17.Kb1 Nf4 18.Ng5 Qe7 19.Nf3 Nc5 20.Qb4 h6 21.Nd2 
Rhe8 22.Nc4 Na6 23.Qxe7 Rxe7 24.g5 Rh8 25.Rg1 hxg5 26.hxg5 b5 27.Na5 Kc7 
28.c3 Kb6 29.Nb3 c5 30.a4 bxa4 31.Nd2 Re6 32.Nc4+ Kb7 33.Bg2 Rh2 34.Bf3 
Rxf2 35.Bg4 Re7 36.cxd4 cxd4 37.Rh1 Nc5 38.Rh8 Nfxd3 39.Rc8 f5 40.Bxf5 a5 
41.g6 Rc7 42.Rf8 Ka7 43.Rf7 Rb7 44.Be6 Nxe6 45.Rxd3 Rbxf7 46.gxf7 Rxf7 47.
Nxe5 Rf4 48.Nc6+ Kb6 49.Nxd4 Rxe4 50.Nxe6 Rxe6 51.Rg3 g6 52.Rg5 Rc6 53.Ka2
Ka6 1/2-1/2

[Event "19th Hoogeveen op"]
[Site "Hoogeveen NED"]
[Date "2015.10.21"]
[Round "6.19"]
[White "Hortensius, Lisa"]
[Black "Rudolf, Anna"]
[Result "0-1"]
[WhiteElo "2154"]
[BlackElo "2329"]
[EventDate "2015.10.17"]
[PlyCount "62"]

1.e4 e6 2.Nf3 d5 3.Nc3 Nf6 4.e5 Nfd7 5.d4 Be7 6.Bd3 c5 7.dxc5 Nc6 8.Bf4 
Nxc5 9.h4 Qa5 10.O-O Bd7 11.a3 Qd8 12.h5 f6 13.Qd2 f5 14.Rfe1 Ne4 15.Bxe4 
fxe4 16.Nd4 Nxd4 17.Qxd4 O-O 18.Qd2 Be8 19.g4 Bc5 20.Bg3 e3 21.fxe3 Qg5 
22.Kh2 Qxg4 23.Qe2 Rf3 24.Qg2 Bxe3 25.Qh3 Qxh3+ 26.Kxh3 Bxh5 27.Rf1 Raf8 
28.Kg2 Bg4 29.Rxf3 Bxf3+ 30.Kh3 Rf5 31.Bh4 g5 0-1

[Event "19th Hoogeveen op"]
[Site "Hoogeveen NED"]
[Date "2015.10.21"]
[Round "6.20"]
[White "Klapwijk, Bram"]
[Black "Maris, Ivo"]
[Result "0-1"]
[WhiteElo "2151"]
[BlackElo "2319"]
[EventDate "2015.10.17"]
[PlyCount "142"]

1.e4 c5 2.Nf3 e6 3.d4 cxd4 4.Nxd4 Nc6 5.Nc3 Qc7 6.Be3 a6 7.Bd3 Nf6 8.O-O 
Ne5 9.f4 Neg4 10.Bd2 Bc5 11.Ne2 e5 12.fxe5 d5 13.Bf4 Nxe5 14.exd5 Nxd5 15.
c3 O-O 16.Kh1 Nxf4 17.Nxf4 Ng4 18.Qf3 Bxd4 19.cxd4 Qd6 20.h3 Nf6 21.Rad1 
Rb8 22.Qf2 b5 23.Qh4 Bb7 24.Rd2 g6 25.Qh6 Be4 26.Re1 Rbe8 27.Rf1 Qxd4 28.
Ne2 Qe5 29.Nc3 Bxd3 30.Rxd3 b4 31.Nd1 Nh5 32.Rff3 Rd8 33.Qd2 Rxd3 34.Qxd3 
Qe6 35.Qd4 a5 36.Ne3 Re8 37.Ng4 Qe1+ 38.Kh2 Qc1 39.Qd7 Rf8 40.Qd4 Qg5 41.
Rf1 f6 42.Kg1 Kg7 43.Re1 Rf7 44.Re8 Qc1+ 45.Kh2 Qc7+ 46.Kg1 Rd7 47.Qf2 f5 
48.Nh2 Nf6 49.Re2 Ne4 50.Qe3 Qc4 51.g4 Qd4 52.Qxd4+ Rxd4 53.Nf3 Rd1+ 54.
Kg2 Ra1 55.a3 bxa3 56.bxa3 Rxa3 57.gxf5 gxf5 58.Rb2 a4 59.Rb7+ Kf6 60.Rb6+
Kf7 61.Nd4 Rg3+ 62.Kh2 Rd3 63.Nxf5 Rd2+ 64.Kg1 a3 65.Rb7+ Kf6 66.Ne3 a2 
67.Ra7 Rb2 68.Nd1 Rb1 69.Rxa2 Rxd1+ 70.Kg2 Rd2+ 71.Rxd2 Nxd2 0-1

[Event "19th Hoogeveen op"]
[Site "Hoogeveen NED"]
[Date "2015.10.21"]
[Round "6.21"]
[White "Lecomte, Robin"]
[Black "Sparenberg, Erik"]
[Result "1/2-1/2"]
[WhiteElo "2317"]
[BlackElo "2088"]
[EventDate "2015.10.17"]
[PlyCount "82"]

1.d4 d5 2.c4 e6 3.Nc3 Nf6 4.cxd5 exd5 5.Bg5 c6 6.e3 Be7 7.Bd3 O-O 8.Qc2 h6
9.Bh4 Nh5 10.Bxe7 Qxe7 11.Nge2 Nd7 12.O-O-O g6 13.g4 Ng7 14.Kb1 Re8 15.Ng3
Nf8 16.h3 Bd7 17.Rhe1 Qh4 18.Nce2 Rac8 19.Qb3 b6 20.Qa3 a5 21.Rg1 Nge6 22.
Qd6 Red8 23.f4 Ng7 24.Qa3 Re8 25.Bc2 Qxh3 26.f5 Qxg4 27.Nf4 Qf3 28.Qd6 
Rcd8 29.fxg6 fxg6 30.Rdf1 Qxe3 31.Nxg6 Bh3 32.Rxf8+ Rxf8 33.Ne7+ Kh8 34.
Ng6+ Kg8 35.Ne7+ Kh8 36.Ng6+ Kh7 37.Ne7+ Kh8 38.Ng6+ Kg8 39.Ne7+ Kh8 40.
Ng6+ Kg8 41.Ne7+ Kh8 1/2-1/2

[Event "19th Hoogeveen op"]
[Site "Hoogeveen NED"]
[Date "2015.10.21"]
[Round "6.22"]
[White "Hendriks, Richard V"]
[Black "Beerdsen, Thomas"]
[Result "0-1"]
[WhiteElo "2107"]
[BlackElo "2313"]
[EventDate "2015.10.17"]
[PlyCount "74"]

1.e4 e5 2.Nf3 Nc6 3.Bb5 g6 4.d3 Bg7 5.Nc3 Nge7 6.a3 O-O 7.Bc4 d6 8.h3 a6 
9.Bg5 h6 10.Be3 b5 11.Ba2 Kh7 12.d4 exd4 13.Nxd4 Ne5 14.Nde2 Be6 15.Bxe6 
fxe6 16.O-O Nc4 17.Bc1 c5 18.Qd3 Qb6 19.Rb1 Ne5 20.Qg3 b4 21.axb4 cxb4 22.
Nd1 Qc6 23.Nd4 Qxe4 24.Qe3 Qxd4 25.Qxd4 Nf3+ 26.gxf3 Bxd4 27.c3 Bc5 28.Kg2
g5 29.Re1 Rf6 30.Ne3 h5 31.Bd2 Ng6 32.cxb4 Nh4+ 33.Kh1 Bd4 34.Bc3 Bxc3 35.
bxc3 Rxf3 36.Ng2 Rxh3+ 37.Kg1 Nf3+ 0-1

[Event "19th Hoogeveen op"]
[Site "Hoogeveen NED"]
[Date "2015.10.21"]
[Round "6.24"]
[White "Sadallah, Osama"]
[Black "Heemskerk, Wim"]
[Result "1-0"]
[WhiteElo "2067"]
[BlackElo "2181"]
[EventDate "2015.10.17"]
[PlyCount "37"]

1.d4 e6 2.Nf3 c5 3.c4 cxd4 4.Nxd4 Nf6 5.Nc3 Nc6 6.g3 Qb6 7.Nc2 Ne5 8.Ne3 
Nfg4 9.Bg2 Bc5 10.Na4 Bb4+ 11.Kf1 Qa5 12.a3 Be7 13.b4 Qc7 14.Nxg4 Nxg4 15.
c5 d6 16.Bb2 dxc5 17.Nxc5 Bxc5 18.bxc5 Qxc5 19.Qa4+ 1-0

[Event "19th Hoogeveen op"]
[Site "Hoogeveen NED"]
[Date "2015.10.21"]
[Round "6.25"]
[White "Zepeda, Lorena"]
[Black "Poghosyan, Tigran"]
[Result "1-0"]
[WhiteElo "2106"]
[BlackElo "2182"]
[EventDate "2015.10.17"]
[PlyCount "93"]

1.e4 c5 2.Nf3 d6 3.d4 cxd4 4.Nxd4 Nf6 5.Nc3 a6 6.Be3 e5 7.Nb3 Be6 8.f3 Be7
9.Qd2 O-O 10.O-O-O Qc7 11.g4 Rc8 12.Kb1 d5 13.exd5 Nxd5 14.Nxd5 Bxd5 15.
Bg2 a5 16.Qf2 Qc6 17.Nc1 Na6 18.Rd2 Nb4 19.Rhd1 Rd8 20.a3 Qa4 21.Bb6 Rdc8 
22.Rxd5 Nxd5 23.Rxd5 Ra6 24.Be3 Rac6 25.Rd2 b5 26.Bf1 Rb8 27.f4 exf4 28.
Qxf4 Qxf4 29.Bxf4 Rbc8 30.Bxb5 Rc5 31.a4 g5 32.Bg3 Ra8 33.Nb3 Rcc8 34.Be5 
Bb4 35.Rd7 Re8 36.Bf6 Re6 37.Bxg5 Rg6 38.Be3 Rxg4 39.Bb6 Rh4 40.c3 Bf8 41.
Nxa5 Re8 42.Rd4 Ree4 43.Rxe4 Rxe4 44.Nc6 f5 45.a5 f4 46.a6 f3 47.a7 1-0

[Event "19th Hoogeveen op"]
[Site "Hoogeveen NED"]
[Date "2015.10.21"]
[Round "6.26"]
[White "Van Dorp, Folke"]
[Black "Lewin, Tammo"]
[Result "0-1"]
[WhiteElo "2168"]
[BlackElo "2021"]
[EventDate "2015.10.17"]
[PlyCount "36"]

1.e4 c5 2.b3 e6 3.Bb2 d5 4.exd5 exd5 5.Bb5+ Nc6 6.Nf3 Nf6 7.O-O Be7 8.d4 
O-O 9.c4 Bg4 10.dxc5 Bxc5 11.cxd5 Nxd5 12.h3 Bh5 13.Nbd2 Nd4 14.Rc1 Qb6 
15.Bxd4 Bxd4 16.Be2 Nc3 17.Qe1 Rfe8 18.Rxc3 Bxc3 0-1

[Event "19th Hoogeveen op"]
[Site "Hoogeveen NED"]
[Date "2015.10.21"]
[Round "6.27"]
[White "Mellema, Andries"]
[Black "Brantjes, Yme"]
[Result "1-0"]
[WhiteElo "2162"]
[BlackElo "1962"]
[EventDate "2015.10.17"]
[PlyCount "95"]

1.e4 c5 2.Nf3 d6 3.d4 cxd4 4.Nxd4 Nf6 5.Nc3 g6 6.Be3 a6 7.f3 Nbd7 8.Qd2 b5
9.g4 Nb6 10.Qf2 Nfd7 11.e5 dxe5 12.Ndxb5 axb5 13.Bxb5 Rb8 14.a4 e6 15.
O-O-O Qc7 16.Ne4 Be7 17.Bh6 Nd5 18.Kb1 f5 19.gxf5 gxf5 20.Ng5 Bxg5 21.Bxg5
Kf7 22.Rhg1 Bb7 23.Qh4 h5 24.Rd2 Rbg8 25.Bxd7 Qxd7 26.c4 Qxa4 27.Rc1 Nb4 
28.b3 Qxb3+ 29.Rb2 Qd3+ 30.Rcc2 Qd1+ 31.Bc1 Qxc2+ 32.Rxc2 Nxc2 33.Kxc2 
Bxf3 34.Ba3 Re8 35.Bb2 Be4+ 36.Kc1 Rhg8 37.Qxh5+ Ke7 38.Qh4+ Kd7 39.Bxe5 
Rg1+ 40.Kd2 Rg2+ 41.Ke3 Rc2 42.Qe1 Rxc4 43.Qa5 Ra8 44.Qb5+ Bc6 45.Qxc4 Ra5
46.Qd4+ Bd5 47.Qb4 Ra7 48.Qd6+ 1-0

[Event "19th Hoogeveen op"]
[Site "Hoogeveen NED"]
[Date "2015.10.21"]
[Round "6.29"]
[White "Rosmuller, Anton J"]
[Black "Hilwerda, Jonas"]
[Result "1-0"]
[WhiteElo "2137"]
[BlackElo "1954"]
[EventDate "2015.10.17"]
[PlyCount "159"]

1.d4 d5 2.c4 e6 3.Nc3 c5 4.cxd5 cxd4 5.Qa4+ Bd7 6.Qxd4 exd5 7.Nf3 Nc6 8.
Qd1 Be6 9.e3 Nf6 10.Be2 Bd6 11.Nb5 h6 12.Bd2 Rg8 13.Bc3 Ne4 14.Nxd6+ Qxd6 
15.O-O g5 16.Nd4 g4 17.Nxc6 bxc6 18.Qd4 f5 19.Qe5 Qxe5 20.Bxe5 h5 21.Rfd1 
Ng5 22.Kf1 Kd7 23.Ba6 Nf7 24.Bf4 Nd6 25.Rac1 Rab8 26.Be5 Rb6 27.Be2 Rb7 
28.Rd4 Nc8 29.Ra4 Nb6 30.Ra5 Nc8 31.Ba6 Rb6 32.Bd4 Rb8 33.Be5 Nd6 34.Bd4 
Nc8 35.Ke2 Rf8 36.g3 Rf7 37.Bxc8+ Rxc8 38.Rxa7+ Kd6 39.Rxf7 Bxf7 40.b4 Ra8
41.Rc2 Be6 42.Kd2 Bc8 43.Kc1 Ba6 44.a4 Bc4 45.a5 Bd3 46.Rd2 Be4 47.Ra2 Ra6
48.Kd2 Bg2 49.Kc3 Bf1 50.Rd2 Bg2 51.Bg7 Be4 52.Kd4 Bg2 53.Be5+ Ke6 54.Bf4 
Bf1 55.Kc5 Bb5 56.Bc7 Bc4 57.Rd4 Be2 58.Bb6 Kd7 59.Rd2 Bc4 60.Rd1 Be2 61.
Rc1 Ra8 62.Re1 Ba6 63.Rd1 Be2 64.Rd4 Ra6 65.Rf4 Bd3 66.f3 Ra8 67.Kd4 Bc2 
68.h3 Rg8 69.fxg4 hxg4 70.h4 Re8 71.a6 Kc8 72.Kc3 Be4 73.Bd4 Kc7 74.Rf2 
Ra8 75.Ra2 Bf3 76.h5 Be4 77.h6 f4 78.exf4 Bh7 79.Re2 Kd8 80.Bf6+ 1-0

[Event "19th Hoogeveen op"]
[Site "Hoogeveen NED"]
[Date "2015.10.21"]
[Round "6.30"]
[White "Schoehuys, Erik"]
[Black "Elgersma, Simon"]
[Result "1-0"]
[WhiteElo "2182"]
[BlackElo "2055"]
[EventDate "2015.10.17"]
[PlyCount "67"]

1.d4 Nf6 2.c4 g6 3.Nc3 Bg7 4.e4 d6 5.Nf3 O-O 6.Be2 e5 7.O-O Nc6 8.d5 Ne7 
9.Ne1 Nd7 10.Nd3 f5 11.f3 f4 12.Bd2 g5 13.Rc1 Ng6 14.c5 Nf6 15.Nb5 Rf7 16.
Ba5 b6 17.cxb6 cxb6 18.Be1 g4 19.Nb4 g3 20.Nc6 Qd7 21.Ncxa7 Ne8 22.Nxc8 
gxh2+ 23.Kxh2 Rxc8 24.Bf2 Rxc1 25.Qxc1 Qe7 26.Qc8 Nf8 27.Rh1 Bf6 28.Kg1 
Rg7 29.b4 Qf7 30.a4 Qg6 31.Rh2 h5 32.a5 h4 33.a6 h3 34.a7 1-0

[Event "19th Hoogeveen op"]
[Site "Hoogeveen NED"]
[Date "2015.10.21"]
[Round "6.31"]
[White "Kokje, Joris"]
[Black "Vogel, Jaap"]
[Result "1-0"]
[WhiteElo "1983"]
[BlackElo "2175"]
[EventDate "2015.10.17"]
[PlyCount "81"]

1.d4 e6 2.c4 Nf6 3.Nf3 d5 4.g3 c6 5.Bg2 Be7 6.O-O O-O 7.Nfd2 b5 8.c5 Nbd7 
9.f4 Ng4 10.Nf3 f5 11.Ne5 Ndxe5 12.fxe5 g5 13.a4 b4 14.a5 Ba6 15.Bd2 Rb8 
16.h3 Nxe5 17.dxe5 Bxc5+ 18.Kh2 Be7 19.Be3 c5 20.Nd2 d4 21.Bf2 Qc7 22.Re1 
Qxe5 23.Qb3 g4 24.e3 d3 25.Nc4 Qf6 26.h4 Bxc4 27.Qxc4 Bd6 28.Kg1 Be5 29.
Rad1 Bxb2 30.Rxd3 Rfd8 31.Red1 Rxd3 32.Rxd3 Qe5 33.Rd7 Kf8 34.e4 Bd4 35.
Bxd4 cxd4 36.Qc1 Ke8 37.Rxh7 d3 38.Qc6+ Kf8 39.Qd7 Qf6 40.e5 Rd8 41.exf6 
1-0

[Event "19th Hoogeveen op"]
[Site "Hoogeveen NED"]
[Date "2015.10.21"]
[Round "6.32"]
[White "Berghuis, Marten"]
[Black "Boer, Alef"]
[Result "0-1"]
[WhiteElo "1981"]
[BlackElo "2151"]
[EventDate "2015.10.17"]
[PlyCount "66"]

1.e4 Nf6 2.e5 Nd5 3.d4 d6 4.Nf3 dxe5 5.Nxe5 c6 6.Be2 Bf5 7.g4 Be6 8.f4 f6 
9.Nd3 Bf7 10.Nc3 Nxc3 11.bxc3 Nd7 12.O-O e6 13.Qe1 Bd6 14.Bf3 O-O 15.c4 
Re8 16.c5 Bc7 17.Qh4 Nxc5 18.dxc5 Qd4+ 19.Kg2 Qxa1 20.Bb2 Qxa2 21.g5 f5 
22.Bh5 Rf8 23.Bxf7+ Rxf7 24.g6 hxg6 25.Rf3 Bd8 26.Qh3 Bf6 27.Ne5 Bxe5 28.
Bxe5 Qxc2+ 29.Kg3 Rd8 30.Qh4 Rd2 31.Rf2 Rfd7 32.Rxd2 Rxd2 33.Bxg7 Rd3# 0-1

[Event "19th Hoogeveen op"]
[Site "Hoogeveen NED"]
[Date "2015.10.21"]
[Round "6.33"]
[White "Kouwenhoven, Derk"]
[Black "Losekoot, Pascal"]
[Result "0-1"]
[WhiteElo "1918"]
[BlackElo "2126"]
[EventDate "2015.10.17"]
[PlyCount "44"]

1.e4 g6 2.d4 Bg7 3.Nf3 d6 4.Nc3 Nf6 5.Be3 O-O 6.Qd2 c6 7.h3 b5 8.Bd3 Nbd7 
9.e5 dxe5 10.dxe5 Nd5 11.Nxd5 cxd5 12.Bxb5 Nxe5 13.Nxe5 Bxe5 14.Bc6 Rb8 
15.Bh6 Bxb2 16.Rd1 Qc7 17.Bxf8 Ba6 18.c4 Bxc4 19.f4 Bf6 20.g3 Rb2 21.Qe3 
Qa5+ 22.Rd2 Rxd2 0-1

[Event "19th Hoogeveen op"]
[Site "Hoogeveen NED"]
[Date "2015.10.21"]
[Round "6.34"]
[White "Halfhide, Sebastian"]
[Black "Munnik, Talitha"]
[Result "1-0"]
[WhiteElo "2102"]
[BlackElo "2037"]
[EventDate "2015.10.17"]
[PlyCount "75"]

1.e4 c5 2.Nf3 d6 3.d4 cxd4 4.Nxd4 Nf6 5.Nc3 e6 6.Be3 a6 7.Qd2 b5 8.f3 Nbd7
9.g4 Nb6 10.a4 Nc4 11.Bxc4 bxc4 12.a5 Bb7 13.Na4 d5 14.Nb6 dxe4 15.Nxa8 
exf3 16.O-O-O Qxa8 17.g5 Nd5 18.Nxf3 c3 19.Qd4 cxb2+ 20.Kb1 Bb4 21.Qxg7 
Rf8 22.Bd4 Qd8 23.Bxb2 Qxa5 24.Rd3 Qb6 25.Rhd1 Be7 26.Rb3 Qc7 27.Ne5 a5 
28.Rf3 Bb4 29.Ng4 a4 30.Nf6+ Nxf6 31.Bxf6 Be7 32.Bxe7 Kxe7 33.Qf6+ Ke8 34.
Rc3 Qb6+ 35.Ka1 Qa5 36.Rb1 e5 37.Re3 e4 38.Rxb7 1-0

[Event "19th Hoogeveen op"]
[Site "Hoogeveen NED"]
[Date "2015.10.21"]
[Round "6.35"]
[White "Van Randtwijk, Mick"]
[Black "Henseler, Jorgen"]
[Result "0-1"]
[WhiteElo "1852"]
[BlackElo "2069"]
[EventDate "2015.10.17"]
[PlyCount "76"]

1.e4 e5 2.Nf3 Nc6 3.Bb5 Nf6 4.d3 Bc5 5.O-O d6 6.c3 Bb6 7.Nbd2 O-O 8.Re1 
Ne7 9.Nf1 Ng6 10.Ng3 c6 11.Ba4 Be6 12.d4 Bg4 13.Be3 exd4 14.cxd4 Ba5 15.
Rf1 Nh4 16.Bg5 Nxf3+ 17.gxf3 Bh3 18.e5 dxe5 19.dxe5 Qxd1 20.Rfxd1 Nd7 21.
f4 f6 22.Bb3+ Kh8 23.e6 Nc5 24.Bh4 Bxe6 25.Bxe6 Nxe6 26.f5 Nf4 27.Ne4 Rfe8
28.Nd6 Re7 29.Nc4 Bc7 30.Nd6 Bxd6 31.Rxd6 Nd5 32.b4 Nxb4 33.Rxf6 gxf6 34.
Bxf6+ Rg7+ 35.Kh1 Nd5 36.Be5 Kg8 37.Bxg7 Kxg7 38.Rb1 Rb8 0-1

[Event "19th Hoogeveen op"]
[Site "Hoogeveen NED"]
[Date "2015.10.21"]
[Round "6.36"]
[White "Hummel, Joop"]
[Black "Boersma, Jan"]
[Result "1/2-1/2"]
[WhiteElo "1990"]
[BlackElo "2153"]
[EventDate "2015.10.17"]
[PlyCount "127"]

1.d4 Nf6 2.c4 g6 3.Nc3 Bg7 4.e4 O-O 5.f4 d6 6.Nf3 Na6 7.Bd3 Bg4 8.O-O e5 
9.fxe5 dxe5 10.d5 c6 11.Be3 cxd5 12.cxd5 Ne8 13.Bxa6 bxa6 14.Qd3 Bc8 15.b3
Nd6 16.Rac1 f5 17.Bc5 Bb7 18.Bxd6 Qxd6 19.Ng5 Bh6 20.Qg3 Qf6 21.h4 f4 22.
Qg4 Bc8 23.Ne6 Re8 24.h5 Bxe6 25.dxe6 Qxe6 26.Qxe6+ Rxe6 27.Nd5 Rf8 28.
hxg6 hxg6 29.Rc7 Rf7 30.Rfc1 Bf8 31.Kf2 g5 32.Kf3 g4+ 33.Kxg4 Rg6+ 34.Kf3 
Rg3+ 35.Kf2 Rd3 36.Rxf7 Kxf7 37.Rc7+ Kg6 38.Ke2 Rg3 39.Kf1 f3 40.gxf3 
Rxf3+ 41.Ke2 Rh3 42.Rc6+ Kg5 43.Rxa6 Bc5 44.b4 Bd4 45.a4 Rb3 46.Kd2 Ra3 
47.a5 Kg4 48.Ke2 Kg5 49.Rf6 Rb3 50.Rf1 Kg6 51.Kd2 Ra3 52.Kc2 Rg3 53.Rb1 
Ra3 54.Rb3 Ra1 55.Rf3 Ra2+ 56.Kb3 Re2 57.Nc3 Re1 58.b5 Kg5 59.b6 axb6 60.
axb6 Bxb6 61.Rf5+ Kg6 62.Rxe5 Bd4 63.Re7 Re3 64.Rc7 1/2-1/2

[Event "19th Hoogeveen op"]
[Site "Hoogeveen NED"]
[Date "2015.10.21"]
[Round "6.37"]
[White "Boer, Bas De"]
[Black "Bekedam, Tyro"]
[Result "0-1"]
[WhiteElo "1863"]
[BlackElo "1981"]
[EventDate "2015.10.17"]
[PlyCount "98"]

1.d4 d5 2.c4 e5 3.dxe5 d4 4.Nf3 Nc6 5.a3 Nge7 6.b4 Ng6 7.Bb2 Be6 8.Nbd2 
Ngxe5 9.Qc2 g6 10.b5 Bf5 11.Qa4 Qe7 12.O-O-O Nxf3 13.bxc6 b5 14.Qxb5 Nxd2 
15.Rxd2 Bh6 16.e3 dxe3 17.fxe3 Qxe3 18.Qe5+ Qxe5 19.Bxe5 Bxd2+ 20.Kxd2 
O-O-O+ 21.Kc3 Rhe8 22.Bd4 Re1 23.g4 Rc1+ 24.Kd2 Rc2+ 25.Ke3 Re8+ 26.Kf4 
Re4+ 27.Kf3 Rxg4 28.Bxa7 h5 29.Ke3 Rc3+ 30.Kd2 Rxa3 31.Bc5 Ra2+ 32.Kc3 
Rc2+ 33.Kb3 Rf4 34.Bd3 Rf3 35.Kxc2 Rxd3 36.Kb2 Be4 37.Ra1 Bxc6 38.Be7 Rd2+
39.Kc3 Rxh2 40.Kd4 Kd7 41.Bf6 Rf2 42.Be5 f6 43.Bg3 Rg2 44.Be1 h4 45.Kc3 
Rg5 46.Kb4 h3 47.Rd1+ Kc8 48.Bh4 h2 49.Bxg5 fxg5 0-1

[Event "19th Hoogeveen op"]
[Site "Hoogeveen NED"]
[Date "2015.10.21"]
[Round "6.38"]
[White "Oord, Raymon"]
[Black "Kossen, Johannes"]
[Result "0-1"]
[WhiteElo "1888"]
[BlackElo "2029"]
[EventDate "2015.10.17"]
[PlyCount "144"]

1.c4 c5 2.Nc3 Nf6 3.g3 d5 4.cxd5 Nxd5 5.Bg2 Nc7 6.Nf3 Nc6 7.O-O e5 8.d3 
Be7 9.Be3 f6 10.Nd2 Nd4 11.Nb3 Rb8 12.Ne4 b6 13.f4 O-O 14.Nxd4 exd4 15.Bd2
Be6 16.f5 Bf7 17.Bf4 Rc8 18.Bxc7 Rxc7 19.Qd2 Bd6 20.Nxd6 Qxd6 21.e4 dxe3 
22.Qxe3 Re7 23.Be4 c4 24.Rf4 Rfe8 25.Rg4 Kf8 26.Qf4 Qb4 27.Qf2 cxd3 28.Bf3
Re1+ 29.Kg2 Qe7 30.Rxe1 Qxe1 31.Rd4 Qb1 32.Qd2 Qc2 33.Rxd3 Qxd2+ 34.Rxd2 
Bxa2 35.Rd7 Re7 36.Rd8+ Kf7 37.Rh8 Rc7 38.Bh5+ Ke7 39.Rxh7 Kd6 40.Bg6 Ke5 
41.Kf3 a5 42.h4 b5 43.h5 Bd5+ 44.Ke3 Rb7 45.Rh8 Bc6 46.Rc8 Bd7 47.Rc5+ Kd6
48.Rc2 a4 49.g4 b4 50.Rd2+ Kc5 51.Kf4 b3 52.Bf7 a3 53.Bxb3 Rb4+ 54.Bc4 
Rxc4+ 55.Kg3 a2 56.b4+ Rxb4 57.Rxa2 Ba4 58.Rd2 Rd4 59.Rh2 Bd1 60.Rh4 Kd6 
61.g5 Rd3+ 62.Kf4 Rf3+ 63.Ke4 fxg5 64.Rh1 Rf4+ 65.Ke3 Bg4 66.h6 gxh6 67.
Rxh6+ Ke5 68.Re6+ Kxf5 69.Re8 Bh3 70.Rh8 Kg4 71.Rh7 Rf8 72.Rg7 Kh4 0-1

[Event "19th Hoogeveen op"]
[Site "Hoogeveen NED"]
[Date "2015.10.21"]
[Round "6.39"]
[White "Van Dael, Siem"]
[Black "De Wolf, Kees"]
[Result "1/2-1/2"]
[WhiteElo "1978"]
[BlackElo "1982"]
[EventDate "2015.10.17"]
[PlyCount "94"]

1.e4 c6 2.d4 d5 3.Nc3 g6 4.f4 dxe4 5.Nxe4 Bg7 6.c3 Nf6 7.Bd3 Nxe4 8.Bxe4 
Nd7 9.Nf3 Nf6 10.Bc2 Bg4 11.h3 Bxf3 12.Qxf3 e6 13.Bd2 O-O 14.O-O Qd7 15.g4
c5 16.Be3 cxd4 17.Bxd4 Nd5 18.Bxg7 Kxg7 19.f5 Qc6 20.Be4 Rad8 21.Rad1 Qb6+
22.Rf2 Kg8 23.Bxd5 Rxd5 24.Rxd5 exd5 25.Qxd5 Rd8 26.Qf3 Rd7 27.Qe2 Qd8 28.
f6 h6 29.Qe3 Rd1+ 30.Kg2 Qd5+ 31.Qf3 Qxf3+ 32.Kxf3 Rd3+ 33.Kg2 g5 34.c4 
Kh7 35.b4 Kg6 36.c5 a5 37.Rb2 axb4 38.Rxb4 Rd2+ 39.Kf3 Rxa2 40.Rxb7 Rc2 
41.Rc7 Kxf6 42.Rc8 Ke5 43.c6 Rc3+ 44.Ke2 Rxh3 45.Kd2 Kd6 46.c7 Kd7 47.Rf8 
Kxc7 1/2-1/2

[Event "19th Hoogeveen op"]
[Site "Hoogeveen NED"]
[Date "2015.10.22"]
[Round "7.1"]
[White "Gupta, Abhijeet"]
[Black "Werle, Jan"]
[Result "1-0"]
[WhiteElo "2629"]
[BlackElo "2524"]
[EventDate "2015.10.17"]
[PlyCount "61"]

1.d4 Nf6 2.c4 e6 3.g3 d5 4.Bg2 Be7 5.Nf3 O-O 6.O-O dxc4 7.Qc2 a6 8.a4 Bd7 
9.Qxc4 Bc6 10.Bg5 a5 11.Nc3 Na6 12.Bxf6 Bxf6 13.e4 Nb4 14.Rfd1 b6 15.Qe2 
Bb7 16.Rac1 g6 17.h4 Bg7 18.Qe3 Qe7 19.h5 Rfd8 20.h6 Bf8 21.Ne5 c5 22.Nb5 
Nc6 23.Ng4 e5 24.dxc5 bxc5 25.Rd5 Bc8 26.Rdxc5 Bxg4 27.Rxc6 Qb4 28.Nc7 
Rac8 29.Nd5 Qxa4 30.Rxc8 Bxc8 31.Qg5 1-0

[Event "19th Hoogeveen op"]
[Site "Hoogeveen NED"]
[Date "2015.10.22"]
[Round "7.2"]
[White "l`Ami, Erwin"]
[Black "Pavlidis, Antonios"]
[Result "1/2-1/2"]
[WhiteElo "2619"]
[BlackElo "2522"]
[EventDate "2015.10.17"]
[PlyCount "67"]

1.d4 Nf6 2.c4 e6 3.Nf3 b6 4.g3 Ba6 5.b3 Bb4+ 6.Bd2 Be7 7.Nc3 d5 8.cxd5 
exd5 9.Bg2 O-O 10.O-O Re8 11.Qc2 c5 12.Rfd1 Nc6 13.Bg5 h6 14.Bxf6 Bxf6 15.
e3 cxd4 16.Nxd4 Nxd4 17.exd4 Rc8 18.Qd2 Bb7 19.h4 Be7 20.Ne2 Bb4 21.Qxb4 
Rxe2 22.Bf1 Rec2 23.Qe1 Qe8 24.Bd3 Qxe1+ 25.Rxe1 Rd2 26.Bf5 Rb8 27.Rac1 
Rxd4 28.Re7 g6 29.Bh3 Re4 30.Rd7 Ree8 31.Bg2 Red8 32.Rcc7 Rxd7 33.Rxd7 Kf8
34.Bxd5 1/2-1/2

[Event "19th Hoogeveen op"]
[Site "Hoogeveen NED"]
[Date "2015.10.22"]
[Round "7.3"]
[White "Ernst, Sipke"]
[Black "Bok, Benjamin"]
[Result "1/2-1/2"]
[WhiteElo "2527"]
[BlackElo "2591"]
[EventDate "2015.10.17"]
[PlyCount "101"]

1.d4 d5 2.c4 e6 3.Nf3 Nf6 4.Nc3 c6 5.a4 Nbd7 6.a5 dxc4 7.e3 b5 8.axb6 Nxb6
9.Ne5 c5 10.Bxc4 Nxc4 11.Qa4+ Nd7 12.Nxc4 Be7 13.d5 exd5 14.Qc6 Rb8 15.
Nxd5 Bb7 16.Nd6+ Bxd6 17.Qxd6 Bxd5 18.Qxd5 Qc7 19.Qe4+ Kf8 20.O-O h5 21.
Rd1 Rh6 22.Qf5 Rd6 23.Rxd6 Qxd6 24.Qc2 Nf6 25.b3 Ng4 26.h3 Qh2+ 27.Kf1 Nf6
28.Bb2 Qh1+ 29.Ke2 Qxg2 30.Bxf6 gxf6 31.Rxa7 Qxh3 32.Qxc5+ Kg8 33.Qc4 Qe6 
34.Ra6 Qxc4+ 35.bxc4 Rb2+ 36.Kf3 Rc2 37.Rxf6 Rxc4 38.Rf5 Rh4 39.Kg3 Rh1 
40.Kg2 Rh4 41.f3 Kg7 42.Rd5 Kg6 43.Rd6+ Kg7 44.e4 Rf4 45.Kg3 Rf6 46.Rd5 
h4+ 47.Kg4 Rh6 48.Rd2 h3 49.Kg3 f5 50.exf5 h2 51.f6+ 1/2-1/2

[Event "19th Hoogeveen op"]
[Site "Hoogeveen NED"]
[Date "2015.10.22"]
[Round "7.4"]
[White "Sengupta, Deep"]
[Black "Vishnu, Prasanna V"]
[Result "1/2-1/2"]
[WhiteElo "2580"]
[BlackElo "2503"]
[EventDate "2015.10.17"]
[PlyCount "97"]

1.e4 c5 2.Nc3 d6 3.f4 g6 4.Nf3 Bg7 5.Bb5+ Bd7 6.a4 Nc6 7.d3 e6 8.O-O Nge7 
9.Bc4 O-O 10.Bb3 Nd4 11.Nxd4 cxd4 12.Ne2 Kh8 13.Qe1 f5 14.Ng3 Qc7 15.Bd2 
Rae8 16.Bb4 Nc6 17.Ba3 e5 18.fxe5 Bxe5 19.exf5 Bxf5 20.Qd2 Qd7 21.Rae1 Be6
22.Bxe6 Qxe6 23.Ne4 Qd7 24.Qh6 Kg8 25.Ng5 Rxf1+ 26.Rxf1 Nd8 27.Qh4 Qe7 28.
g3 h5 29.Nf3 Bf6 30.Qh3 Nf7 31.Qg2 Kg7 32.b3 Ne5 33.Nxe5 Bxe5 34.Qd5 h4 
35.Kg2 hxg3 36.hxg3 Qc7 37.Rf2 Rh8 38.Qf3 Qd7 39.Kg1 Qe7 40.Bb4 Rh3 41.Rg2
Qf7 42.Qxf7+ Kxf7 43.Be1 g5 44.g4 Bf4 45.Kf1 Ke6 46.Re2+ Re3 47.Rxe3+ Bxe3
48.Ke2 Bf4 49.Kf3 1/2-1/2

[Event "19th Hoogeveen op"]
[Site "Hoogeveen NED"]
[Date "2015.10.22"]
[Round "7.5"]
[White "Ehlvest, Jaan"]
[Black "Debashis, Das"]
[Result "1/2-1/2"]
[WhiteElo "2535"]
[BlackElo "2501"]
[EventDate "2015.10.17"]
[PlyCount "31"]

1.d4 d5 2.c4 c6 3.Nc3 Nf6 4.e3 e6 5.Nf3 Nbd7 6.Qc2 Bd6 7.Bd3 O-O 8.O-O 
dxc4 9.Bxc4 e5 10.Bb3 h6 11.h3 Re8 12.Bd2 exd4 13.exd4 Nf8 14.d5 cxd5 15.
Nxd5 Nxd5 16.Bxd5 1/2-1/2